000 00324nam a2200121 a 4500
005 20140414131918.0
008 101021s19uu xx 00 eng d
050 _aER
_bM85 1988
100 _aCameron, Ann
245 _aThe most beautiful place in the world.
260 _aNew York :
_bRandom House,
_c1988.
999 _c111624
_d111624